Trabajo profesional y humanismo / (Record no. 107822)

MARC details
000 -LEADER
campo de control de longitud fija 00449nam a2200157 4500
001 - NÚMERO DE CONTROL
campo de control 107822
003 - IDENTIFICADOR DE NÚMERO DE CONTROL
campo de control ES-MaACL
005 - FECHA Y HORA DE LA ÚLTIMA TRANSACCIÓN
campo de control 20230906184511.0
007 - CAMPO FIJO DE DESCRIPCIÓN FÍSICA--INFORMACIÓN GENERAL
campo de control de longitud fija t|
008 - DATOS DE LONGITUD FIJA--INFORMACIÓN GENERAL
campo de control de longitud fija 061121s1967 sp r ||||1| spa d
100 1# - ENTRADA PRINCIPAL--NOMBRE DE PERSONA
Nombre de persona Moreno de la Helguera, José.
9 (RLIN) 83357
245 10 - MENCIÓN DEL TÍTULO
Título Trabajo profesional y humanismo /
Mención de responsabilidad, etc. José Moreno de la Helguera.
260 ## - PUBLICACIÓN, DISTRIBUCIÓN, ETC.
Lugar de publicación, distribución, etc. Bilbao :
Nombre del editor, distribuidor, etc. Mensajero,
Fecha de publicación, distribución, etc. 1967.
300 ## - DESCRIPCIÓN FÍSICA
Extensión 158 p. ;
Dimensiones 19.
852 ## - LOCALIZACIÓN
Ubicación ES-MaACL
Número de control de estantería C-32627
Sublocalización o colección R.63485
Holdings
Estatus retirado Estado de pérdida Estado de daño No para préstamo Biblioteca de origen Biblioteca actual Ubicación en estantería Fecha de adquisición Fuente de adquisición Total de préstamos Signatura topográfica completa Código de barras Visto por última vez Precio de reemplazo Tipo de ítem Koha
        Biblioteca del Ateneo de Madrid Biblioteca del Ateneo de Madrid Depósito 2 17/01/2008     C-32627 1112526 23/02/2023 23/02/2023 Libro impreso